000
00281nam a22001217a 4500
082
_a
823
_b
CLA/O
100
_a
CLASSIC BOOKS
245
_a
OLIVER TWIST
260
_a
DELHI
_b
CLASSIC BOOKS INTERNATIONAL
_c
2003
300
_a
220
650
_a
CHILDREN'S ILLUSTRATED CLASSICS
942
_c
BK
999
_c
267
_d
267